000
00355pab a2200157 454500
008
180718b1986 xxu||||| |||| 00| 0 eng d
100
_a
Jacobs, James
245
_a
Should police he armed?
260
_c
1986
300
_a
12-13
362
_a
11 July
650
_a
Police - U.K.
700
_a
Andrew Sanders
773
_a
New Society
909
_a
15183
999
_c
15183
_d
15183